Reforming the intelligence agencies in Pakistan's transitional democracy / (Record no. 112019)
[ view plain ]
| 000 -LEADER | |
|---|---|
| campo de control de longitud fija | 02410nam a2200325Ia 4500 |
| 001 - NÚMERO DE CONTROL | |
| campo de control | 96718 |
| 005 - FECHA Y HORA DE LA ÚLTIMA TRANSACCIÓN | |
| campo de control | 20230411090055.0 |
| 007 - CAMPO FIJO DE DESCRIPCIÓN FÍSICA--INFORMACIÓN GENERAL | |
| campo de control de longitud fija | cr ||||||||||| |
| 008 - DATOS DE LONGITUD FIJA--INFORMACIÓN GENERAL | |
| campo de control de longitud fija | 090602s2009 dcu b 000 0 eng d |
| 035 ## - NÚMERO DE CONTROL DEL SISTEMA | |
| Número de control de sistema | (OCoLC)ocn368288599 |
| 040 ## - FUENTE DE CATALOGACIÓN | |
| Centro catalogador/agencia de origen | AAU |
| Centro/agencia transcriptor | AAU |
| 035 ## - NÚMERO DE CONTROL DEL SISTEMA | |
| Número de control de sistema | (OCoLC)368288599 |
| 092 0# - ASIGNACIÓN LOCAL DE SIGNATURA TOPOGRÁFICA DEWEY (OCLC) | |
| Número de clasificación | 327.125491 |
| Número de edición | 22 |
| 049 ## - FONDOS LOCALES (OCLC) | |
| Biblioteca depositaria | GRAL |
| 100 1# - ENTRADA PRINCIPAL--NOMBRE DE PERSONA | |
| Nombre de persona | Grare, Frâedâeric. |
| 245 10 - MENCIÓN DEL TÍTULO | |
| Título | Reforming the intelligence agencies in Pakistan's transitional democracy / |
| Mención de responsabilidad, etc. | Frâedâeric Grare. |
| 260 ## - PUBLICACIÓN, DISTRIBUCIÓN, ETC. | |
| Lugar de publicación, distribución, etc. | Washington, DC : |
| Nombre del editor, distribuidor, etc. | Carnegie Endowment for International Peace, |
| Fecha de publicación, distribución, etc. | 2009. |
| 300 ## - DESCRIPCIÓN FÍSICA | |
| Extensión | 101 p. : |
| Dimensiones | 26 cm. |
| 504 ## - NOTA DE BIBLIOGRAFÍA, ETC. | |
| Nota de bibliografía, etc. | Includes bibliographical references: (p. 91-98). |
| 530 ## - NOTA DISPONIBLE DE FORMULARIO FÍSICO ADICIONAL | |
| Nota de formato físico adicional disponible | Also available via the Internet. |
| 520 ## - RESUMEN, ETC. | |
| Sumario, etc. | "The purpose of the present report is to analyze the intelligence agencies' role in Pakistan's political life through a better understanding of the agencies' objectives and mechanisms. Because Pakistan's civilian governments have been victims of the agencies' manipulation in the past, the new and very fragile government cannot ignore the decisive role of the intelligence agencies in Pakistani politics if it wants to counter the direct and more subtle manifestations of military control. The domestic political role of intelligence agencies is always a combination of three elements: militarization, comprehensive political surveillance, and state terror. The intensity and relative importance of each component varies over time and according to the specific situations in each country, but all three are always present. Terror as it applies to individuals or groups can be carried out by proxies and is intermittent, but it remains an essential element of the system. An intelligence agency's reputation for ruthlessness is often as important as its actual efficiency. The reform of the intelligence agencies is therefore imperative, and the depoliticization of the intelligence process is as much an element of national reconciliation as of consolidation of power."--P. 1. |
| 650 #0 - PUNTO DE ACCESO ADICIONAL DE MATERIA--TÉRMINO DE MATERIA | |
| Término de materia o nombre geográfico como elemento de entrada | Intelligence service |
| Subdivisión geográfica | Pakistan. |
| 651 #0 - PUNTO DE ACCESO ADICIONAL DE MATERIA--NOMBRE GEOGRÁFICO | |
| Nombre geográfico | Pakistan |
| Subdivisión general | Politics and government |
| Subdivisión cronológica | 1988- |
| 650 #0 - PUNTO DE ACCESO ADICIONAL DE MATERIA--TÉRMINO DE MATERIA | |
| Término de materia o nombre geográfico como elemento de entrada | Democratization |
| Subdivisión geográfica | Pakistan. |
| 710 2# - ENTRADA AGREGADA--NOMBRE DE ENTIDAD CORPORATIVA | |
| Nombre de entidad corporativa o nombre de jurisdicción como elemento de entrada | Carnegie Endowment for International Peace. |
| 856 41 - LOCALIZACIÓN Y ACCESO ELECTRÓNICOS | |
| Materiales especificados | Full text PDF version |
| Identificador Uniforme de Recursos | <a href="http://www.carnegieendowment.org/files/pakistan_intelligence_transitional_democracy.pdf">http://www.carnegieendowment.org/files/pakistan_intelligence_transitional_democracy.pdf</a> |
| 942 ## - ELEMENTOS DE ENTRADA SECUNDARIOS (KOHA) | |
| Fuente del sistema de clasificación o colocación | Clasificación de Library of Congress |
| Tipo de ítem Koha | |
| 994 ## - | |
| -- | C0 |
| -- | DRFGD |
| 946 ## - PROCESAMIENTO DE INFORMACIÓN LOCAL (OCLC) | |
| a | JP |
| Estatus retirado | Estado de pérdida | Fuente del sistema de clasificación o colocación | Estado de daño | No para préstamo | Colección | Biblioteca de origen | Biblioteca actual | Ubicación en estantería | Fecha de adquisición | Código de barras | Visto por última vez | Copia número | Tipo de ítem Koha |
|---|---|---|---|---|---|---|---|---|---|---|---|---|---|
| Clasificación de Library of Congress | Automatización y Procesos Técnicos | Biblioteca Juan Bosch | Biblioteca Juan Bosch | Automatización y Procesos Técnicos (1er. Piso) | 11/04/2023 | 00000089323 | 17/02/2019 | 1 |
